Geography Quiz

Random Geography or City Quiz

JULBEMD Geography: Hidden Places Quiz Stats

 Plays Quiz Updated Jun 10, 2012

Also try: Mixed Word: Cities
Challenge
Share
Tweet
Embed
Score 0/43 Timer 08:00
11 Plays Today
% Correct
QUE (B) EC
91.4%
LOND (O) N
90.1%
SWEDE (N)
88.3%
V (E) NICE
87.2%
(L) ATVIA
86.9%
V (I) ENNA
85.8%
BERL (I) N
84.9%
DUBLI (N)
83.7%
WAR (S) AW
82.9%
(T) URKEY
81.8%
(B) ELIZE
80.6%
JORD (A) N
79.6%
KANS (A) S
79.2%
HAVA (N) A
76.5%
KO (S) OVO
74.9%
KUWAI (T)
73.9%
AT (H) ENS
72.5%
LISB (O) N
72%
RU (S) SIA
70%
D (E) NVER
68.7%
T (U) VALU
67.3%
MAD (R) ID
66%
% Correct
TAIWA (N)
64.9%
ZAG (R) EB
64.7%
(N) EVADA
61.2%
CYPR (U) S
60.8%
TEHRA (N)
60.3%
BHU (T) AN
60%
(A) NGOLA
59.1%
MU (S) CAT
58%
M (O) NACO
58%
TA (I) PEI
57.8%
(B) EIRUT
57.7%
JUNEA (U)
54.4%
NA (S) SAU
54%
M (A) NILA
53.9%
SE (R) BIA
52.2%
MALAW (I)
52.1%
AUS (T) IN
49.5%
BOSTON
47.4%
DOD (O) MA
28.6%
M (O) RONI
26.8%
(M) ALABO
22.1%

You're not logged in!

Compare scores with friends on all Sporcle quizzes.
OR
Log In

You Might Also Like...

Show Comments

Extras

Top Quizzes Today


Score Distribution

Your Account Isn't Verified!

In order to create a playlist on Sporcle, you need to verify the email address you used during registration. Go to your Sporcle Settings to finish the process.

Report this User

Report this user for behavior that violates our Community Guidelines.

Details: